| 000 | 00515nam a22002057a 4500 | ||
|---|---|---|---|
| 005 | 20250115045047.0 | ||
| 008 | 250115b |||||||| |||| 00| 0 eng d | ||
| 020 | _a9788189487355 | ||
| 082 |
_222 _a934.02 _bTHE |
||
| 100 | _aHabib, I & Thakr, Kumar V | ||
| 245 |
_aThe Vedic Age _band the Coming of Iron |
||
| 250 | _a2nd Edition | ||
| 260 |
_aNew Delhi _bTulika books _c2004 |
||
| 300 | _aViii, 100 p ., | ||
| 650 | _aPolitical | ||
| 650 | _aHistory | ||
| 650 | _aEconomy | ||
| 650 | _aSociety | ||
| 942 | _cL | ||
| 999 |
_c5950 _d5950 |
||